Advanced blockchain technologies : (Record no. 240871)
[ view plain ]
| 000 -LEADER | |
|---|---|
| fixed length control field | 02201nam a22002537a 4500 |
| 005 - DATE AND TIME OF LATEST TRANSACTION | |
| control field | 20260224112556.0 |
| 008 - FIXED-LENGTH DATA ELEMENTS--GENERAL INFORMATION | |
| fixed length control field | 260210b |||||||| |||| 00| 0 eng d |
| 020 ## - INTERNATIONAL STANDARD BOOK NUMBER | |
| International Standard Book Number | 9789363863972 |
| 040 ## - CATALOGING SOURCE | |
| Transcribing agency | AIMIT LIBRARY |
| 082 ## - DEWEY DECIMAL CLASSIFICATION NUMBER | |
| Edition number | 1 |
| Classification number | 004.691 |
| Item number | SASH |
| 100 ## - MAIN ENTRY--PERSONAL NAME | |
| Personal name | S, Asharaf. |
| 9 (RLIN) | 254304 |
| 245 ## - TITLE STATEMENT | |
| Title | Advanced blockchain technologies : |
| Remainder of title | comprehensive textbook on ethereum smart contracts to decentralised application / |
| Statement of responsibility, etc. | By Asharaf S,...[et.al]. |
| 250 ## - EDITION STATEMENT | |
| Edition statement | 1st |
| 260 ## - PUBLICATION, DISTRIBUTION, ETC. | |
| Place of publication, distribution, etc. | New Delhi : |
| Name of publisher, distributor, etc. | Wiley , |
| Date of publication, distribution, etc. | 2025. |
| 300 ## - PHYSICAL DESCRIPTION | |
| Extent | xiv,406p. ; |
| Other physical details | PB |
| Dimensions | 24.5 cm |
| 500 ## - GENERAL NOTE | |
| General note | It is a comprehensive guide designed to educate readers on Ethereum, a groundbreaking blockchain platform introduced through Vitalik Buterin's influential whitepaper. This sequel to the successful "Blockchain Technology: Algorithms and Applications" delves into Ethereum's innovative incorporation of programmability, which extends blockchain's capabilities beyond mere financial transactions to include Decentralised Applications (DApps). The book meticulously covers foundational concepts, starting with Ethereum's evolution from Proof of Work to Proof of Stake, and includes exercises for readers to reinforce their understanding. It explores Ethereum's architecture, including the Ethereum Virtual Machine, Gas, ether (ETH), and transaction lifecycle, while emphasising smart contracts and their unique applications. Essential tools for users and developers are detailed, alongside extensive coverage of Solidity, the programming language for smart contracts. Later chapters guide readers through token standards, network interactions, and the process of building DApps. Advanced topics such as smart contract upgrades, DAO, oracles, and Ethereum's major updates are also discussed. This book is crafted to be a reliable reference, keeping pace with technological advancements, and is poised to be embraced by readers with enthusiasm. |
| 650 ## - SUBJECT ADDED ENTRY--TOPICAL TERM | |
| Topical term or geographic name entry element | Basics of ethereum |
| 9 (RLIN) | 254305 |
| 650 ## - SUBJECT ADDED ENTRY--TOPICAL TERM | |
| Topical term or geographic name entry element | Interacting with ethereum network |
| 9 (RLIN) | 254306 |
| 650 ## - SUBJECT ADDED ENTRY--TOPICAL TERM | |
| Topical term or geographic name entry element | Upgrades in ethereum |
| 9 (RLIN) | 254307 |
| 700 ## - ADDED ENTRY--PERSONAL NAME | |
| Personal name | Neelima, Sivadas. |
| 9 (RLIN) | 254308 |
| 700 ## - ADDED ENTRY--PERSONAL NAME | |
| Personal name | Abraham, Sumi Maria. |
| 9 (RLIN) | 254309 |
| 700 ## - ADDED ENTRY--PERSONAL NAME | |
| Personal name | S, Adarsh. |
| 9 (RLIN) | 254310 |
| 942 ## - ADDED ENTRY ELEMENTS (KOHA) | |
| Source of classification or shelving scheme | Dewey Decimal Classification |
| Koha item type | Book |
| Edition | 1st |
| Call number prefix | 004.691 SASH |
| Withdrawn status | Lost status | Source of classification or shelving scheme | Damaged status | Not for loan | Collection code | Home library | Current library | Shelving location | Date acquired | Source of acquisition | Cost, normal purchase price | Inventory number | Total Checkouts | Full call number | Barcode | Date last seen | Cost, replacement price | Koha item type | Price effective from |
|---|---|---|---|---|---|---|---|---|---|---|---|---|---|---|---|---|---|---|---|
| Dewey Decimal Classification | MCA | St Aloysius Institute of Management & Information Technology | St Aloysius Institute of Management & Information Technology | Blockchain | 02/23/2026 | SK Publishers & Distributors | 759.00 | Bill.no:SKP4043;Bill.dt:2026/2/2 | 004.691 SASH | MCA17388 | 02/10/2026 | 569.25 | Book | ||||||
| Dewey Decimal Classification | MCA | St Aloysius Institute of Management & Information Technology | St Aloysius Institute of Management & Information Technology | Blockchain | 02/03/2026 | KL Book House | 759.00 | Bill.no:1288;Bill.dt:2026/1/23 | 004.691 SASH | MCA17345 | 02/24/2026 | 569.25 | Book | 02/24/2026 |